00876nam a22002057a 4500999001900000005001700019010001300036020002600049035001100075037001300086082000800099100004400107245011100151246008000262260005200342270008700394300002600481942002700507952013600534 c164293d16429320190515160904.0 aUR-10127 c100.00a9789388105118 aU-8682 bDBAD/PUB a841 aمناظر عا شق ہر گا نو ی  aر عنا :کو ّثر صد يقی کی ا ختر ا عی صنف cمناظر عا شق ہر گا نو ی  b‏Rana :Kausar Siddiqui Ki Ikhtiraee Sinf (Urdu)abyManazir Ashiq Harganvi a DelhibEducational Publishing Housec2018 ء  a3191،Vakil Street,Kucha Pandit,Lal Kuan,bDelhie110006k23216162l00911123211540 a76صc22 Cm.(bk)  2ddccURh841mہ ر گ 001040718NFICaDBADbDBADd2019-05-15eDBAD/PUBg100.00l0o841 ہ ر گpU-8682r2019-05-15 00:00:00t1v100.00w2019-05-15yUR